ბათუმის შოთა რუსთაველის სახელმწიფო უნივერსიტეტის ბიბლიოთეკა

ქრისტიანობა დასავლეთ საქართველოში (I-X საუკუნეები) (ბიბ.ჩანაწერი № 52350)

000 -LEADER
fixed length control field 01111nam a2200253Ia 4500
001 - CONTROL NUMBER
control field 19368
003 - CONTROL NUMBER IDENTIFIER
control field GE_BSU
008 - FIXED-LENGTH DATA ELEMENTS--GENERAL INFORMATION
fixed length control field 181216s||||||||xx |||||||||||||| ||und||
020 ## - INTERNATIONAL STANDARD BOOK NUMBER
International Standard Book Number ISBN 99928-848-2-7
040 ## - CATALOGING SOURCE
Transcribing agency GE_BSU
080 ## - UNIVERSAL DECIMAL CLASSIFICATION NUMBER
Universal Decimal Classification number 27-9(479.22)
100 ## - MAIN ENTRY--PERSONAL NAME
Personal name დიასამიძე, ბიჭიკო
245 ## - TITLE STATEMENT
Title ქრისტიანობა დასავლეთ საქართველოში (I-X საუკუნეები)
245 ## - TITLE STATEMENT
Statement of responsibility, etc. რედ.: [გურამ ლორთქიფანიძე]
260 ## - PUBLICATION, DISTRIBUTION, ETC.
Place of publication, distribution, etc. ბათუმი.
260 ## - PUBLICATION, DISTRIBUTION, ETC.
Name of publisher, distributor, etc. აჭარა
260 ## - PUBLICATION, DISTRIBUTION, ETC.
Date of publication, distribution, etc. 2002
300 ## - PHYSICAL DESCRIPTION
Extent 268გვ; 20სმ.
300 ## - PHYSICAL DESCRIPTION
Other physical details რეზ. რუს. და ინგლ. ენ.. - ბიბლიოგრ.: გვ. 252-265
653 ## - INDEX TERM--UNCONTROLLED
Uncontrolled term რელიგია
653 ## - INDEX TERM--UNCONTROLLED
Uncontrolled term ქრისტიანობა დასავლეთ საქართველოში (I-X საუკუნეები)
653 ## - INDEX TERM--UNCONTROLLED
Uncontrolled term ქრისტიანობის ისტორია დასავლეთ საქართველოში;
942 ## - ADDED ENTRY ELEMENTS (KOHA)
Koha item type წიგნი
ეგზემპლარები
Withdrawn status Lost status Damaged status Not for loan Date acquired Barcode Date last seen Price effective from Koha item type
        2018-12-17 48218 2018-12-17 2018-12-17 წიგნი